| 000 | 00438nam a2200157 i 4500 | ||
|---|---|---|---|
| 001 | 43390 | ||
| 003 | ES-MaACL | ||
| 005 | 20230906160800.0 | ||
| 007 | t| | ||
| 008 | 030317s1962 sp ||||1| spa d | ||
| 245 | 0 | 0 |
_aCatecismo Junior / _c[traducido por Francisco Payeras]. |
| 260 |
_aBarcelona : _bHerder, _c1962. |
||
| 300 |
_a243 p. : _bil. ; _c19 cm. |
||
| 700 | 1 |
_aPayeras, Francisco. _989719 |
|
| 852 |
_aES-MaACL _jC-22227 _bR.50464 |
||
| 999 |
_c43390 _d43390 |
||